000 01184aam a2200349 a 4500
999 _c346251
_d346251
003 BLK
005 20250725102456.0
008 180829b bul||||| |||| 00| 0 bul d
020 _a9789542830092
040 _aBLK
041 _aBUL
_cBUL
080 _aБългарска литература
_b821.163.2
_x-312.9
_z821.163.2-312.9
100 _aПетрова, Даниела
_9389356
_eавт.
139 _aПетрова, Даниела
_bП 47
245 _aМайката на дъщеря и
_cДаниела Петрова;прев от анг. Стоянка Сербезова- Леви
257 _aBGR
260 _c2019
_9219755
_aСофия
_bСиела
300 _a391 с.
_c21 см
380 _aX
500 _aОриг. заглавие Her Daughter's Mother/ Daniela Petrova
700 _9243864
_aСербезова, Стоянка Минчева
_eпрев. от англ.
852 _bП
_cП 886.7-31/П 32
942 _cKNG
_2udc
_n0
_s1
_067
999 _d346251
999 _d346251
999 _d346251
999 _d346249
999 _d346249
999 _d324034
999 _d324034
944 _k30575
_lМартин Енчев